01914cam a22003495a 45000010009000000050017000090080041000260100017000670200029000840350024001130400054001370430012001910820022002031000038002252450126002632600040003893000025004294900048004545000026005025040041005285050515005696500062010846500070011466500055012166500048012716500043013196510010013626530025013729420008013979990017014059520142014221857176220160302121257.0150410t2015 enk frb 001 0 eng d a 2015372207 a9781841138268 (hardback) a(OCoLC)ocn901987238 aYDXCPbengcYDXCPdZWZdGWLdNLGGCdDLCdEG-ScBUE ae------04a343.4087bREI2221 aReid, Emilyq(Emily Sarah)93946810aBalancing human rights, environmental protection and international trade :blessons from the EU experience /cEmily Reid. aOxford :bHart Publishing,cc.2015. axl, 324 p. ;c24 cm.0 aStudies in international trade law ;vv. 16 aIndex : p. [314]-324. aIncludes bibliographical references.0 aThe emergence of human rights and environmental protection in the EU -- The standing of human rights and environmental protection in the EU legal order -- The EU's relations with third states -- Human rights and environmental protection in the EU's relations with third states -- The international context : the WTO legal order -- Trade and environment in the WTO legal order -- Human rights protection and WTO law -- Effecting the reconciliation of competing interests : reconceptualising the legal framework. 0aTrade regulationzEuropean Union countries.2BUEsh936723 0aForeign trade regulationzEuropean Union countries.2BUEsh936723 0aInternational tradexEnvironmental aspects.2BUEsh 0aInternational tradexSocial aspects.2BUEsh 0aHuman rightsxEconomic aspects.2BUEsh 2BUEsh bLLAAWWcFebruary2016 2ddc c21284d21256 00102ddc40708MERICaMAINbMAINc1STd2016-02-29ePurchaseg617.00h16597l0o343.4087 REIp000031761r2025-07-15 00:00:00v771.00yBB